<?xml version="1.0" encoding="UTF-8"?>
<record
    xmlns:xsi="http://www.w3.org/2001/XMLSchema-instance"
    xsi:schemaLocation="http://www.loc.gov/MARC21/slim http://www.loc.gov/standards/marcxml/schema/MARC21slim.xsd"
    xmlns="http://www.loc.gov/MARC21/slim">

  <leader>02357nam a2200373 i 4500</leader>
  <controlfield tag="001">000002244</controlfield>
  <controlfield tag="003">DO-SdBNP</controlfield>
  <controlfield tag="005">20250617100430.0</controlfield>
  <controlfield tag="007">ta</controlfield>
  <controlfield tag="008">090701s2005    dr      r     001 0 spa d</controlfield>
  <datafield tag="020" ind1=" " ind2=" ">
    <subfield code="a">9993449342</subfield>
  </datafield>
  <datafield tag="040" ind1=" " ind2=" ">
    <subfield code="a">DO-SdBNP</subfield>
    <subfield code="b">spa</subfield>
    <subfield code="c">BNPHU</subfield>
    <subfield code="e">rda</subfield>
  </datafield>
  <datafield tag="082" ind1=" " ind2="4">
    <subfield code="a">410</subfield>
    <subfield code="b">M433e</subfield>
    <subfield code="2">22</subfield>
  </datafield>
  <datafield tag="100" ind1="1" ind2=" ">
    <subfield code="a">Matos Moquete, Manuel,</subfield>
    <subfield code="d">1944-</subfield>
    <subfield code="e">autor</subfield>
    <subfield code="4">aut.</subfield>
    <subfield code="9">6349</subfield>
  </datafield>
  <datafield tag="245" ind1="1" ind2="0">
    <subfield code="a">Estudios transling&#xFC;&#xED;sticos /</subfield>
    <subfield code="c">Manuel Matos Moquete ; presentaci&#xF3;n, Odal&#xED;s G. P&#xE9;rez ; editor, Amado Alexis Santana Chalas.</subfield>
  </datafield>
  <datafield tag="264" ind1=" " ind2="1">
    <subfield code="a">Santo Domingo :</subfield>
    <subfield code="b">Secretar&#xED;a de Estado de Cultura,</subfield>
    <subfield code="c">2005.</subfield>
  </datafield>
  <datafield tag="300" ind1=" " ind2=" ">
    <subfield code="a">256 p&#xE1;ginas ;</subfield>
    <subfield code="c">23 cm.</subfield>
  </datafield>
  <datafield tag="336" ind1=" " ind2=" ">
    <subfield code="a">texto</subfield>
    <subfield code="b">txt</subfield>
    <subfield code="2">rdacontent</subfield>
  </datafield>
  <datafield tag="337" ind1=" " ind2=" ">
    <subfield code="a">sin mediaci&#xF3;n</subfield>
    <subfield code="b">n</subfield>
    <subfield code="2">rdamedia</subfield>
  </datafield>
  <datafield tag="338" ind1=" " ind2=" ">
    <subfield code="a">volumen</subfield>
    <subfield code="b">nc</subfield>
    <subfield code="2">rdacarrier</subfield>
  </datafield>
  <datafield tag="490" ind1="1" ind2=" ">
    <subfield code="a">Colecci&#xF3;n Premios Nacionales</subfield>
  </datafield>
  <datafield tag="500" ind1=" " ind2=" ">
    <subfield code="a">Incluye referencias bibliogr&#xE1;ficas y notas al pie de las p&#xE1;ginas</subfield>
  </datafield>
  <datafield tag="505" ind1="2" ind2=" ">
    <subfield code="a">Presentaci&#xF3;n --</subfield>
    <subfield code="t">Introducci&#xF3;n --</subfield>
    <subfield code="t">El espacio del discurso --</subfield>
    <subfield code="t">De la lingu&#xED;stica a la transling&#xFC;&#xED;stica --</subfield>
    <subfield code="t">El discurso cient&#xED;fico --</subfield>
    <subfield code="t">El habla popular en el discurso cient&#xED;fico --</subfield>
    <subfield code="t">Versificaci&#xF3;n y metapoes&#xED;a -- Pedro Henr&#xED;quez Ure&#xF1;a y la versificaci&#xF3;n fluctuante --</subfield>
    <subfield code="t">Metapoes&#xED;a y lenguaje po&#xE9;tico --</subfield>
    <subfield code="t">Fusi&#xF3;n de dos c&#xF3;digos : el m&#xED;stico y el po&#xE9;tico --</subfield>
    <subfield code="t">Ense&#xF1;anza de la lengua --</subfield>
    <subfield code="t">Orientaciones te&#xF3;rico-metodol&#xF3;gicas en ling&#xFC;&#xED;stica aplicada y ense&#xF1;anza de la lengua --</subfield>
    <subfield code="t">La comprensi&#xF3;n como proceso interactivo --</subfield>
    <subfield code="t">Investigaciones socioling&#xFC;&#xED;sticas --</subfield>
    <subfield code="t">La ling&#xFC;&#xED;stica en busca del Caribe --</subfield>
    <subfield code="t">Arturo Jimenes Sabater &#xBF;Socioling&#xFC;&#xED;stica o ling&#xFC;&#xED;stica social? --</subfield>
    <subfield code="t">Rafael Gonz&#xE1;lez Tirado : del n&#xFA;cleo a la periferia de la ling&#xFC;&#xED;stica --</subfield>
    <subfield code="t">Lengua, cultura y discriminaci&#xF3;n --</subfield>
    <subfield code="t">G&#xE9;nero y sexo --</subfield>
    <subfield code="t">El discurso del prejuicio racial antihaitiano.</subfield>
  </datafield>
  <datafield tag="586" ind1=" " ind2=" ">
    <subfield code="a">Premio Anual de Ensayo Pedro Henr&#xED;quez Ure&#xF1;a, Modalidad Ensayo Cient&#xED;fico, 2005</subfield>
  </datafield>
  <datafield tag="590" ind1=" " ind2=" ">
    <subfield code="a">Inventariado, 2018/VM</subfield>
  </datafield>
  <datafield tag="600" ind1="1" ind2="0">
    <subfield code="a">Henr&#xED;quez Ure&#xF1;a, Pedro,</subfield>
    <subfield code="d">1884-1946   </subfield>
    <subfield code="x">Cr&#xED;tica textual</subfield>
    <subfield code="9">1718</subfield>
  </datafield>
  <datafield tag="600" ind1="1" ind2="0">
    <subfield code="a">Jimenes Sabater, Arturo</subfield>
    <subfield code="x">Cr&#xED;tica textual</subfield>
    <subfield code="9">7157</subfield>
  </datafield>
  <datafield tag="600" ind1="1" ind2="0">
    <subfield code="a">Gonz&#xE1;lez Tirado, Rafael</subfield>
    <subfield code="x">Cr&#xED;tica textual</subfield>
    <subfield code="9">7158</subfield>
  </datafield>
  <datafield tag="650" ind1=" " ind2="4">
    <subfield code="a">Ling&#xFC;&#xED;stica aplicada</subfield>
    <subfield code="9">7159</subfield>
  </datafield>
  <datafield tag="650" ind1=" " ind2="0">
    <subfield code="a">Socioling&#xFC;&#xED;stica </subfield>
    <subfield code="x">Investigaciones</subfield>
    <subfield code="9">27887</subfield>
  </datafield>
  <datafield tag="700" ind1="1" ind2=" ">
    <subfield code="a">P&#xE9;rez, Odal&#xED;z G.,</subfield>
    <subfield code="e">presentaci&#xF3;n</subfield>
    <subfield code="4">pre.</subfield>
    <subfield code="9">7161</subfield>
  </datafield>
  <datafield tag="700" ind1="1" ind2=" ">
    <subfield code="a">Santana Chalas, Amado Alexis,</subfield>
    <subfield code="e">editor</subfield>
    <subfield code="4">ed.</subfield>
    <subfield code="9">854</subfield>
  </datafield>
  <datafield tag="942" ind1=" " ind2=" ">
    <subfield code="2">ddc</subfield>
    <subfield code="c">LBS1</subfield>
  </datafield>
  <datafield tag="952" ind1=" " ind2=" ">
    <subfield code="0">0</subfield>
    <subfield code="1">0</subfield>
    <subfield code="2">ddc</subfield>
    <subfield code="5">6</subfield>
    <subfield code="7">0</subfield>
    <subfield code="8">DS</subfield>
    <subfield code="a">BNPHU</subfield>
    <subfield code="b">BNPHU</subfield>
    <subfield code="c">HD</subfield>
    <subfield code="d">2009-07-07</subfield>
    <subfield code="l">0</subfield>
    <subfield code="o">BNPHU DS 410 M433e</subfield>
    <subfield code="p">2244-30</subfield>
    <subfield code="r">2020-06-25</subfield>
    <subfield code="t">e. 3</subfield>
    <subfield code="w">2020-06-25</subfield>
    <subfield code="y">LBS1</subfield>
    <subfield code="Z">Pr&#xE9;stamo en sala</subfield>
  </datafield>
  <datafield tag="952" ind1=" " ind2=" ">
    <subfield code="0">0</subfield>
    <subfield code="1">0</subfield>
    <subfield code="2">ddc</subfield>
    <subfield code="5">6</subfield>
    <subfield code="7">0</subfield>
    <subfield code="8">DS</subfield>
    <subfield code="a">BNPHU</subfield>
    <subfield code="b">BNPHU</subfield>
    <subfield code="c">HD</subfield>
    <subfield code="d">2009-08-31</subfield>
    <subfield code="l">0</subfield>
    <subfield code="o">BNPHU DS 410 M433e</subfield>
    <subfield code="p">2244-50</subfield>
    <subfield code="r">2020-06-25</subfield>
    <subfield code="t">e. 4</subfield>
    <subfield code="w">2020-06-25</subfield>
    <subfield code="y">LBS1</subfield>
    <subfield code="Z">Pr&#xE9;stamo en sala</subfield>
  </datafield>
  <datafield tag="952" ind1=" " ind2=" ">
    <subfield code="0">0</subfield>
    <subfield code="1">0</subfield>
    <subfield code="2">ddc</subfield>
    <subfield code="5">6</subfield>
    <subfield code="7">0</subfield>
    <subfield code="8">DS</subfield>
    <subfield code="a">BNPHU</subfield>
    <subfield code="b">BNPHU</subfield>
    <subfield code="c">HD</subfield>
    <subfield code="d">2009-08-31</subfield>
    <subfield code="l">0</subfield>
    <subfield code="o">BNPHU DS 410 M433e</subfield>
    <subfield code="p">2244-60</subfield>
    <subfield code="r">2020-06-25</subfield>
    <subfield code="t">e. 5</subfield>
    <subfield code="w">2020-06-25</subfield>
    <subfield code="y">LBS1</subfield>
    <subfield code="Z">Pr&#xE9;stamo en sala</subfield>
  </datafield>
  <datafield tag="952" ind1=" " ind2=" ">
    <subfield code="0">0</subfield>
    <subfield code="1">0</subfield>
    <subfield code="2">ddc</subfield>
    <subfield code="5">1</subfield>
    <subfield code="7">0</subfield>
    <subfield code="8">PD</subfield>
    <subfield code="a">BNPHU</subfield>
    <subfield code="b">BNPHU</subfield>
    <subfield code="c">HD</subfield>
    <subfield code="d">2009-07-07</subfield>
    <subfield code="l">0</subfield>
    <subfield code="o">BNPHU PD 410 M433e</subfield>
    <subfield code="p">2244-20</subfield>
    <subfield code="r">2020-06-25</subfield>
    <subfield code="t">e. 2</subfield>
    <subfield code="w">2020-06-25</subfield>
    <subfield code="y">LBS1</subfield>
    <subfield code="Z">No se presta</subfield>
  </datafield>
  <datafield tag="952" ind1=" " ind2=" ">
    <subfield code="0">0</subfield>
    <subfield code="1">0</subfield>
    <subfield code="2">ddc</subfield>
    <subfield code="5">1</subfield>
    <subfield code="7">0</subfield>
    <subfield code="8">PD</subfield>
    <subfield code="a">BNPHU</subfield>
    <subfield code="b">BNPHU</subfield>
    <subfield code="c">HD</subfield>
    <subfield code="d">2009-07-01</subfield>
    <subfield code="e">000352</subfield>
    <subfield code="l">0</subfield>
    <subfield code="o">BNPHU PD 410 M433e</subfield>
    <subfield code="p">2244-10</subfield>
    <subfield code="r">2020-06-25</subfield>
    <subfield code="w">2020-06-25</subfield>
    <subfield code="y">LBS1</subfield>
    <subfield code="Z">No se presta</subfield>
  </datafield>
  <datafield tag="999" ind1=" " ind2=" ">
    <subfield code="c">2091</subfield>
    <subfield code="d">2091</subfield>
  </datafield>
</record>
